Most Popular Dog Breeds (USA) - Statistics

General Stats
  • This quiz has been taken 171 times
  • The average score is 6 of 10
Answer Stats
Rank Fact/Hint/Clue Dog Breed % Correct
3 Has a Hallmark Golden Coat Golden Retriever
89%
1 Playful and Trusted Companions and has been top-listed for 22 years Labrador Retriever
88%
2 It is the Leading Police Dog in the world German Shepherd
82%
6 Also known as "Yorkie" and is very small Yorkshire Terrier
74%
8 Very curly and has three size varieties Poodle
73%
5 Short-faced head Bulldog
53%
4 Loves the outdoors and makes wonderful family pets Beagle
40%
10 German for "Badger Dog" Dachshund
33%
9 Often are used for Police Dogs Rottweiler
28%
7 Protective and love being with people Boxer
23%
No matching quizzes found
Score Distribution
Percent of People with Each Score
Percentile by Number Answered
Your Score History
You have not taken this quiz